Statistiques concernant Contrepèterie #2

Cliquez ici pour prendre le quiz!

Statistiques générales

  • Ce quiz a été pris 55 fois
    (48 depuis la dernière actualisation)
  • Le résultat moyen est 7 sur 17

Statistiques - réponses

Phrase 1Phrase 2% Correct
4Un gain de place.Un pain de glace.
88%
10La couche du mocheLa mouche du coche.
68%
1La vie des mots.L’ami des veaux
65%
8Je cherche le lac des sapins.Je cherche le sac des lapins.
60%
16Quel sinistre mot !Quel ministre sot !
60%
7Le rap menace la paix publique.Le pape menace la république.
55%
2 (Celle-ci j’exagère, mais bon…)Il fait beau et chaud en Belgique.Il fait chaud et beau en Belgique.
50%
5Je vais chercher les choux du patelin.Je vais chercher les poux du châtelain.
45%
12Papy est grasPapa est gris
40%
14Le professeur a vu les bons cahiersLe professeur a vu les cons bailler.
38%
3Sonnez, trompettes !Trompez, sonnettes !
35%
15C’est un ministre décent.C’est un sinistre dément.
33%
9Pauline est coquette.Paulette est coquine.
25%
13Terre abîméeMer habitée
18%
6Aujourd'hui, c'est la fête des mères.Aujourd'hui, c'est l'amère défaite.
13%
17Le curé hésite entre cierges et hosties !Le curé hésite entre siestes et orgies !
8%
11Démocrite et HippocrateDémocrate est hypocrite
5%

Distribution des résultats

Percentile par nombre de réponses

% des personnes avec chaque résultat

Votre développement - résultats

Vous n’avez pas pris ce quiz depuis la dernière actualisation